5HLuxD.jpg

KING HENRY VIII SENIOR AND PRIMARY SCHOOL LIBRARY OPAC

HOW TO TRAIN YOUR DRAGON (Record no. 5130)

000 -LEADER
fixed length control field 00393nam a22001217a 4500
008 - FIXED-LENGTH DATA ELEMENTS--GENERAL INFORMATION
fixed length control field 250701b ||||| |||| 00| 0 eng d
020 ## - INTERNATIONAL STANDARD BOOK NUMBER
International Standard Book Number 9781444929836
082 ## - DEWEY DECIMAL CLASSIFICATION NUMBER
Classification number FIC COW
100 ## - MAIN ENTRY--PERSONAL NAME
Personal name COWELL,CRESSIDA
Relator term AUTHOR
245 ## - TITLE STATEMENT
Title HOW TO TRAIN YOUR DRAGON
Remainder of title HOW TO FIGHT A DRAGON'S FURY
260 ## - PUBLICATION, DISTRIBUTION, ETC.
Place of publication, distribution, etc. CARMELITE HOUSE,50 VICTORIA EMBANKMENT,LONDON EC4Y 0DZ
Name of publisher, distributor, etc. HODDER CHILDREN'S BOOKS
Date of publication, distribution, etc. 2015
942 ## - ADDED ENTRY ELEMENTS (KOHA)
Source of classification or shelving scheme
Holdings
Withdrawn status Lost status Source of classification or shelving scheme Damaged status Not for loan Collection code Permanent Location Current Location Shelving location Date acquired Total Checkouts Full call number Barcode Date last seen Date last checked out Price effective from Koha item type Public note
          Fiction KH8 Primary School Library KH8 Primary School Library Fiction 2025-07-01 2 FIC COW KHPL000007301 2025-12-05 2025-11-04 2025-07-01 Books - Fiction KH8 PRIMARY LIBRARY

Powered By KH8 IT Dept